Creative interventions in urban space

Kreatívne intervencie v akejkoľvek forme obohacujú verejné mestské priestory. V uplynulých rokoch bolo možné už aj v na území centrálnej Európy pozorovať schémy a trendy v regenerácii neustále pribúdajúcich verejných priestorov v mestských jadrách. Procesy gentrifikácie a regenerácie brownfieldov sú...

Descrizione completa

Salvato in:
Dettagli Bibliografici
Autore principale: Ladzianska, Zuzana
Natura: Capitolo di libro
Lingua:inglese
Soggetti:
Tags: Aggiungi Tag
Nessun Tag, puoi essere il primo ad aggiungerne!!

MARC

LEADER 00000naa a2200000 4500
001 0161646
005 20230113082850.8
041 0 |a eng 
044 |a SK 
245 1 0 |a Creative interventions in urban space  |c Zuzana Ladzianska 
520 |a Kreatívne intervencie v akejkoľvek forme obohacujú verejné mestské priestory. V uplynulých rokoch bolo možné už aj v na území centrálnej Európy pozorovať schémy a trendy v regenerácii neustále pribúdajúcich verejných priestorov v mestských jadrách. Procesy gentrifikácie a regenerácie brownfieldov sú jedným z rozhodujúcich katalyzátorov týchto priestorov. Jedným z prístupov je aj dočasné využívanie priestorov a budov situovaných na degradovaných územiach. O dočasné využitie priestorov majú záujem najmä umelci, ktorí konvertujú tieto priestory na infraštruktúru vhodnú pre kultúrne využitie. 
610 2 0 |a kreativita 
610 2 0 |a mestá 
610 2 0 |a urbanizácia 
610 2 0 |a kultúra 
610 2 0 |a urbanizmus 
610 2 0 |a umelci 
100 1 |a Ladzianska, Zuzana